000 00344nam a22001577a 4500
003 MPLRDC
005 20220104142930.0
008 210129b ||||| |||| 00| 0 eng d
082 _a019 ZZQ
100 _a朱自清著
245 _a读书指导
_c
260 _a
_b宏智书店
_c1975
300 _b
650 _a
942 _cBK
_o019 ZZQ
999 _c35016
_d35006